000
00337nam a2200157Ia 4500
003
OSt
005
20231120062904.0
008
170524s9999 xx 000 0 und d
020
_a
1-84-092-234-6
040
_c
IIMT
100
_a
O'hara-Christopher
245
4
_a
The bloody mary
260
_b
Apple
260
_c
1998
942
_2
ddc
_c
02
999
_c
7099
_d
7099